Multiscale finite element methods: theory and applications

Uloženo v:
Podrobná bibliografie
Hlavní autoři: Efendiev, Yalchin (Autor), Hou, Thomas Y (Autor)
Médium: Kniha
Jazyk:angličtina
Vydáno: Pasadena Springer 2009
Vydání:1a. ed
Edice:Surveys and Tutorials in the Applied Mathematical Sciences, 4
Témata:
Tagy: Přidat tag
Žádné tagy, Buďte první, kdo vytvoří štítek k tomuto záznamu!

MARC

LEADER 00000cam a2200000 a 4500
001 UCD8190
003 CL-VaPUC
008 170428e20090000us |||||||||||||||||eng|d
020 |a 9780387094953 
082 0 4 |a 515.6  |b EFE  |2 21 
100 0 |a Efendiev, Yalchin  |e author  |9 592013 
700 0 |a Hou, Thomas Y  |e author  |9 592014 
245 1 0 |a Multiscale finite element methods: theory and applications 
250 |a 1a. ed 
300 |a 234 p 
942 |c BK 
945 |d 20170428 01:26:00  |a arojas 
260 |a Pasadena  |b Springer  |c 2009 
650 0 |a Análisis numérico   |9 259387 
650 0 |a Método de elemento finito  |9 327601 
650 0 |a Matemáticas aplicadas  |9 342401 
583 |a last modification  |c 20170428 01:26:00  |k Rodrigo Vera 
490 0 |a Surveys and Tutorials in the Applied Mathematical Sciences, 4 
999 |c 367883  |d 367881 
952 |0 0  |1 0  |3 erb  |4 0  |6 515_600000000000000_EFE_2009  |7 0  |8 A  |9 483045  |a BIBMAT  |b BIBMAT  |i 5374669  |o 515.6 EFE 2009  |p 5374669  |r 2025-01-07  |w 2019-11-24  |y BK  |z Catalogado en:20170428  |k MAT 
952 |0 0  |1 0  |3 erb  |4 0  |6 515_600000000000000_EFE_2009  |7 0  |8 A  |9 483046  |a BIBMAT  |b BIBMAT  |i 5378249  |o 515.6 EFE 2009  |p 5378249  |r 2025-01-07  |w 2019-11-24  |y BK  |z Catalogado en:20170527  |k MAT